Statistics for Highest International Scorers Per Country At World Cup 2018

Click here to take the quiz!

General Stats

  • This quiz has been taken 16 times
  • The average score is 17 of 32

Answer Stats

CountryGoalsAnswer% Correct
Egypt33Salah
100%
Uruguay51Suarez
100%
Brazil55Neymar
93%
Portugal81Ronaldo
93%
Argentina64Messi
86%
Colombia29Falcao
79%
France31Giroud
79%
South Korea21Heung-Min
79%
Belgium36Lukaku
79%
Croatia30Mandzukic
79%
Switzerland20Shaqiri
79%
Denmark22Eriksen
71%
Iceland19Sigurdsson
71%
Mexico49Hernandez
64%
Poland55Lewandowski
64%
Germany38Muller
64%
Peru34Guerrero
57%
Serbia16Mitrovic
57%
Australia50Cahill
50%
Spain35Silva
50%
Nigeria`13Musa
43%
Tunisia12Khazri
36%
Costa Rica24Ruiz
29%
Russia12Smolov
29%
Sweden18Berg
21%
Japan50Okazaki
21%
England16Welbeck
21%
Iran23Azmoun
14%
Panama43Perez/Tejada
7%
Saudi Arabia28Al-Salhawi
0%
Morocco11El Kaabi
0%
Senegal18Sow
0%

Score Distribution

Percentile by Number Answered

Percent of People with Each Score

Your Score History

You have not taken this quiz